<?xml version="1.0" encoding="UTF-8"?>
<marc:record xmlns:marc="http://www.loc.gov/MARC21/slim">
   <marc:leader>00000nam a2200000 a 4500</marc:leader>
   <marc:datafield ind1="1" ind2=" " tag="100">
      <marc:subfield code="a">Zimmermann, Petra Sophia</marc:subfield>
      <marc:subfield code="4">aut</marc:subfield>
      <marc:subfield code="e">Verfasser/-in</marc:subfield>
   </marc:datafield>
   <marc:datafield ind1=" " ind2=" " tag="653">
      <marc:subfield code="a">Führer</marc:subfield>
   </marc:datafield>
   <marc:datafield ind1="0" ind2="0" tag="245">
      <marc:subfield code="a">111 Orte am Gardasee und in Verona, die man gesehen haben muss</marc:subfield>
   </marc:datafield>
   <marc:datafield ind1="0" ind2="0" tag="245">
      <marc:subfield code="c">Petra Sophia Zimmermann</marc:subfield>
   </marc:datafield>
   <marc:datafield ind1=" " ind2="1" tag="264">
      <marc:subfield code="b">Emons</marc:subfield>
      <marc:subfield code="c">2014</marc:subfield>
   </marc:datafield>
   <marc:datafield ind1="1" ind2=" " tag="520">
      <marc:subfield code="a">Angaben aus der Verlagsmeldung

111 Orte am Gardasee und in Verona, die man gesehen haben muss / von Petra Sophia Zimmermann

Verona ist für Touristen gemeinhin die Stadt von Romeo und Julia und dem sommerlichen Opernspektakel in der Arena, der Gardasee hingegen ein Ferienziel zum Baden und Surfen. Die Italiener dieser Gegend sehen das anders. Als Lokalpatrioten sind sie mit ihrer komplexen Geschichte und Kultur vertraut, sie kennen ihre Kunstschätze und schauen auf Details, sie lieben ihre Bräuche und Anekdoten, und sie wissen, wo es die beste Regionalküche und köstliche Weine oder Öle gibt. Das Buch versteht sich als Anregung, aus genau diesem Blickwinkel 111 Besonderheiten in Verona und an Orten und Situationen rund um den Gardasee wahrzunehmen und lieben zu lernen.
</marc:subfield>
   </marc:datafield>
   <marc:datafield ind1=" " ind2=" " tag="020">
      <marc:subfield code="a">9783954513444</marc:subfield>
      <marc:subfield code="9">9783954513444</marc:subfield>
   </marc:datafield>
   <marc:datafield ind1=" " ind2=" " tag="041">
      <marc:subfield code="a">ger</marc:subfield>
   </marc:datafield>
   <marc:datafield ind1=" " ind2=" " tag="300">
      <marc:subfield code="a">230 S.</marc:subfield>
   </marc:datafield>
</marc:record>
